[Event "Linares"]
[Site "Linares ESP"]
[Date "2005.03.08"]
[Round "12"]
[White "Adams, Michael"]
[Black "Kasparov, Garry"]
[Result "0-1"]
[WhiteElo "2741"]
[BlackElo "2804"]
[Annotator "Rodríguez, Am"]
[PlyCount "54"]
[EventDate "2005.02.23"]
[Source "EDAMI"]
[SourceDate "2006.12.20"]

1. e4 c5 2. Nf3 d6 3. d4 cxd4 4. Nxd4 Nf6 5. Nc3 a6 6. Be3 e6 7. Be2 Qc7 8. Qd2
b5 9. a3 {En la tendencia moderna de enfrentar a la Najdorf este movimiento
suele omitirse, para poder enrocar largo "con más tranquilidad" y es que el
poner el peón en a3 debilita considerablemente al rey en el flanco dama. ?No
lo sabía Adams? Por supuesto que si, es todo un especialista, más aún, había
jugado esta variante en otras ocasiones. Es cuestión de dejar un día aparcado
el Ataque Inglés, en el cual al estar el peón en f3, la profiláctica a3 se
hace innecesaria. Además, cuando tenemos enfrente a un especialista todavía
mayor, las cosas pueden salir mal.} Bb7 10. f3 Nc6 {Hasta ahora pocos habían
reaccionado de esta manera. En el grueso de las partidas disponibles las
negras desarrollaban su caballo por d7, algo muy común en la Siciliana.} (10...
Nbd7 11. O-O-O d5 (11... Be7 12. Ndxb5 axb5 13. Nxb5 Qc8 14. Nxd6+ Bxd6 15.
Qxd6 Ba6 16. Rhe1 {
con posición preferible de las blancas,  Shirov - Palac, Villarrobledo 2001})
12. exd5 Nxd5 (12... Bxd5 13. Bf4 Qb7 14. Nf5 Qb6 15. Rhe1 O-O-O 16. Bg5 {
1-0 Shirov,A-Gelfand,B/Monaco 2004 (27)}) 13. Nxd5 Bxd5 14. Kb1 Nf6 15. g4 Bc4
16. Bf4 Qb6 17. Be5 Nd5 18. Rhe1 O-O-O 19. Bd3 {con una ligerísima ventaja
para las blancas, Adams - Topalov, New Delhi/Teheran 2000}) (10... Be7 11.
O-O-O O-O 12. g4 Nc6 13. g5 Nd7 14. h4 Nce5 15. f4 Nc4 16. Bxc4 Qxc4 17. f5 {
con fuerte presión, Leko - Van Wely, Wijk aan Zee 2002}) 11. O-O-O (11. Nxc6 {
era una opción, evitando la ruptura que ahora sigue, pero entre poner el alfil
en e2, el peón en a3 y cambiar caballos en c6 las blancas irían haciendo
demasiadas concesiones.}) 11... b4 $1 {
Esta ruptura inmediata justica al desarrollo del caballo por c6.} 12. axb4 Nxb4
13. g4 Be7 14. g5 Nd7 15. h4 Nc5 16. Kb1 Rb8 {?Hasta qué punto es peligroso el
ataque de las negras?. Pues bastante. En la Siciliana, como en pocas otras
variantes de apertura, el criterio ataque-defensa se valora por delante de
otros factores. Las situaciones frecuentes de ataque entre dos reyes que están
en el centro del tablero ó enrocados en flancos opuestos obligan a un
entendimiento muy riguroso de la posición.} 17. h5 O-O 18. g6 {En este punto
muchos pensaban que la iniciativa blanca sería más rápida, pero con sus dos
próximas respuestas calmadas, Kasparov demuestra que se siente con todo bajo
control.} Bf6 19. Rdg1 ({También posible era} 19. gxh7+ Kxh7 20. Bg5 {
directamente, aunque las negras evitan siempre el cambio de alfiles con} Be5 {
aprovechando que no es posible} 21. f4 {por} Nxe4 $1 22. Nxe4 Bxd4 $1) 19...
Ba8 {Este retroceso, de apariencia inofensivo, descubre la acción de la torre
negra y comienza a desvelar el peligro real que rodea al rey blanco, al punto
de que causó un rápido colapso injustificado de la posición blanca.} 20. Bg5
Be5 21. gxh7+ Kxh7 {Es en este momento cuando el tema del ataque a los reyes
enrocados en flancos opuestos está en su fase de comienzo. Ambos rivales han
ubicado a sus ejércitos en las posiciones habituales, las blancas han logrado
abrir una brecha en la columna g y las negras la suya en la columna b.
Esperábamos mucho de esta partida, cuando de repente Adams se derrumba con un
blunder estrepitoso.} 22. Nb3 $4 Nxc2 $1 {Impacta ver como un jugador de la
talla de Adams permite un remate tan sencillo ....!precisamente en Linares!}
23. Nxc5 Na3+ 24. Ka2 Qxc5 25. Na4 {
Todavía hay más cosas por ver. Las blancas permiten ahora un elegante remate.}
Nc2 $1 {Aprovechando que la dama no puede ser capturada por el mate en b2.} 26.
Kb1 Qa3 {Adams abandonó porque a} 27. Qxc2 {seguiría} Rfc8 0-1

[Event "Linares"]
[Site "Linares ESP"]
[Date "2005.03.08"]
[Round "12"]
[White "Topalov, Veselin"]
[Black "Kasimdzhanov, Rustam"]
[Result "1-0"]
[WhiteElo "2757"]
[BlackElo "2678"]
[Annotator "Ubilava, E"]
[PlyCount "63"]
[EventDate "2005.02.23"]
[Source "EDAMI"]
[SourceDate "2006.12.20"]

{En esta competición tan importante,  Kasimdzhanov mostró una preparación
teórica bastante pobre. En su encuentro contra el gran maestro búlgaro las
negras intentaron reanimar una variante bien enterrada tras la partida V.
Topalov-V.Kramnik Monaco 2001. Pero su intento no pudo parar la invasión y
posterior dominio de las piezas blancas que terminó con un merecido castigo.} 
1. d4 d5 2. c4 e6 3. Nc3 Be7 4. Nf3 Nf6 5. Bf4 O-O 6. e3 c5 7. dxc5 Bxc5 8. a3
Nc6 9. Qc2 Qa5 10. Nd2 Bb4 {Con esta jugada comienza una larga y particular
variante que nos lleva hasta la partida clave entre Topalov y Kramnik.} 11.
cxd5 exd5 12. Bd3 d4 13. O-O Bxc3 14. Nc4 Qh5 15. bxc3 Nd5 16. Bg3 dxe3 17.
Rae1 $1 Be6 18. fxe3 Nde7 {Un nuevo intento, que pretende demostrar la
supremacía de la estructura de las negras ante el dinamismo de las piezas
blancas. En la partida mencionada, Kramnik siguió} (18... Rad8 19. Nd6 Ne5 20.
Bxh7+ Qxh7 21. Qxh7+ Kxh7 22. Bxe5 f6 23. e4 Nb6 24. Bg3 Na4 25. e5 {
y quedó con un peón menos, V.Topalov-V.Kramnik Monaco 2001.}) 19. Nd6 b6 {
diagram.} 20. Rb1 $1 {La dama negra es una de las piezas que siente más
incómodas en esta posición, por ello las blancas enseguida empiezan a rodear y
acosar esa pieza.} f6 21. Rb5 Ne5 22. Rf4 N7g6 23. Rd4 {En pocas jugadas
Topalov hace muy difícil respirar a su contrincante, sobre todo el caballo en
d6 que no permite coordinar normalmente las fuerzas negras.} Bd7 $2 ({
Probablemente Fritzi podría mantener el equilibrio con} 23... Rad8 24. Qd2 Qh6
25. Be2 Rd7 26. Bf4 Nxf4 27. exf4 Rfd8) 24. Rbd5 Be6 25. Be2 Qh6 26. Bf4 Nxf4 (
{Es dificil soñar con aguantar mediante} 26... Qh4 {las blancas siguen} 27. Qd2
Nxf4 (27... Bxd5 28. Nf5 {gana inmediatamente}) 28. exf4 Ng4 29. Bxg4 Bxg4 30.
f5 Qh5 31. h3 {y las blancas ganan.}) 27. exf4 g6 ({Después de} 27... Kh8 28.
Qe4 Bxd5 29. Qxd5 {el caballo negro no tiene ninguna buena casilla para
retroceder, así que las blancas pueden tomar el caballo en el momento adecuado}
) ({. También pierde} 27... Bxd5 {por} 28. Nf5) 28. Qe4 Bxd5 29. Qxd5+ Kh8 30.
Re4 $1 ({Sería un grave error jugar} 30. fxe5 $4 {por} Qe3+ 31. Kh1 Qxe2 {
y ganan las negras.}) 30... Nd7 31. Nf7+ Rxf7 32. Qxf7 {No hay defensa ante
las múltiples amenazas  blancas, si 32...Nf8 gana 33. Re7 y si 32...Nc5 gana
la simple 33.Re8+ y después la dama blanca con jaque se acerca al peón "a" y
toma los dos peones "a" y "b".} 1-0

[Event "Linares"]
[Site "Linares ESP"]
[Date "2005.03.09"]
[Round "13"]
[White "Vallejo Pons, Francisco"]
[Black "Topalov, Veselin"]
[Result "0-1"]
[WhiteElo "2686"]
[BlackElo "2757"]
[Annotator "Martin, A"]
[PlyCount "76"]
[EventDate "2005.02.23"]
[Source "EDAMI"]
[SourceDate "2006.12.20"]

1. Nf3 Nf6 2. c4 e6 3. Nc3 d5 4. d4 Be7 5. Bg5 h6 6. Bxf6 Bxf6 7. Qc2 dxc4 8.
e3 c5 9. dxc5 Qa5 10. Bxc4 Qxc5 11. Ne4 Qa5+ ({Todo esto ya se había jugado en
una partida Bacrot-Korchnoi de 1997. También en interesante} 11... Qb4+ {
contra lo cual} 12. Ke2 {(como en la partida) es débil por} Qxb2 {
pero las blancas pueden jugar 12.Nfd2}) 12. Ke2 Be7 13. Qc3 ({Las blancas
muestran sus intenciones de jugar para tablas. En la mencionada partida
Bacrot-Korchnoi las blancas jugaron} 13. g4) ({También} 13. Rhd1 {
es una jugada a considerar.}) 13... Qxc3 14. Nxc3 a6 15. Rhd1 Nd7 16. Ne4 $6 ({
Al hacer esta jugada, Paco propuso tablas, aunque la misma ya no es muy
acertada, ya que las blancas pierden varios tiempos para eliminar la pareja de
alfiles. Lanatural} 16. Rac1 {era algo mejor. Naturalmente Topalov, que luchó
mucho en cada partida, las rechazó pues era su única opción de dar alcance a
Kasparov.}) 16... b5 17. Bb3 Bb7 18. Nd6+ Bxd6 19. Rxd6 Ke7 20. Rad1 ({
Esta columna no será muy útil a las blancas y permitirá al negro controlar la
de "c". Perosi} 20. Rdd1 {Vallejo probablemente temía} Nc5 {
aunque no hay nada malo en la posición de las blancas tras} 21. Bc2) 20... Rhd8
21. R6d4 Rac8 22. Ne1 {Una jugada extraña. Tenemos una posición evidentemente
igualada, aunque ambos jugadores afrontan la lucha con mentalidad muy
diferente. Vallejo quiere tablas y juega sin plan y de modo pasivo, mientras
que Topalov, decidido a ganar, busca todos los recursos para desequilibrar la
posición. Resulta curiosa la facilidad con la que las negras consiguen su
objetivo, producto no de un grave error de Paco, sino de una serie de jugadas
imprecisas.} a5 23. f3 Rc7 24. e4 Rdc8 25. a3 g5 $1 {
Pare evitar f4 y asegurarse la casilla "e5" para el caballo.} 26. Ke3 Ne5 27.
R4d2 Ba6 $1 28. Rd6 $6 Ra7 29. R6d2 b4 $1 {
Ahora las negras ya tienen una apreciable ventaja.} 30. axb4 Rb8 $1 31. Ra1 $6
(31. Rd4 Nc6) 31... Rxb4 32. Ra3 a4 $1 33. Ba2 Bc4 34. Bb1 Bf1 35. Ba2 Rab7 36.
Nc2 (36. Kf2 Bc4) 36... Rxb2 37. Rxa4 Rc7 38. Kf2 Bb5 0-1

[Event "Amber Blindfold"]
[Site "Monte Carlo MNC"]
[Date "2005.03.21"]
[Round "3"]
[White "Anand, Viswanathan"]
[Black "Vallejo Pons, Francisco"]
[Result "1-0"]
[WhiteElo "2786"]
[BlackElo "2686"]
[Annotator "Ubilava, E"]
[PlyCount "63"]
[EventDate "2005.03.19"]
[Source "EDAMI"]
[SourceDate "2006.12.20"]

{El orden de jugadas suelen tener gran importancia. Es habitual que contra la
variante Najdorf las blancas elijan el Ataque Inglés y parece que no importa
mucho jugar primero 6.f3 o 6.Be3, pero como enseña esa partida, en este último
caso, las blancas mantienen una opción muy peligrosa. La derrota de Vallejo
contra M.Adams en Linares con la continuación 6.Be3 Ng4, es bien aprovechada
por el gran maestro indio, desde el punto de vista psicolóogico, conduciendo a
su rival a una línea donde Anand muestra su buena preparación teórica y
consiguiendo una clara ventaja. Probablemente las negras poco pueden mejorar
en esa variante y en pocas jugadas la lucha termina a favor de las blancas.} 1.
e4 c5 2. Nf3 d6 3. d4 cxd4 4. Nxd4 Nf6 5. Nc3 a6 6. Be3 e6 {
en la mencionada partida entre M.Adams-F.Vallejo, Linares 2005 después de} (
6... Ng4 7. Bg5 h6 8. Bh4 g5 9. Bg3 Bg7 10. h3 Ne5 11. Be2 Nbc6 12. Nb3 b5 13.
Nd5 Nc4 14. Bxc4 bxc4 15. Nd2 Bxb2 16. Rb1 Be5 17. Nxc4 Bxg3 18. fxg3 Be6 19.
O-O Rb8 20. Rb3 {las blancas lograron mejor posición.}) 7. g4 $5 {Esta jugada,
según demuestra la práctica, es sumamente peligrosa para las negras y aún está
por comprobar que exista un camino que resulte satisfactorio para las negras.}
h6 8. Bg2 e5 9. Nf5 g6 10. Qe2 $1 {La autoría de esta jugada pertenece al gran
maestro húngaro P.Tolnai y hasta ahora mantiene "muy buena salud".} gxf5 11.
exf5 Bd7 {En la partida original las negras recibieron una paliza después de} (
11... Rg8 12. h3 Qc7 13. O-O-O Bd7 14. f4 Bc6 15. fxe5 dxe5 16. Bb6 Qxb6 17.
Qxe5+ Be7 18. Rhe1 Kf8 19. Qxe7+ Kg7 20. Re6 Nbd7 21. Rxd7 Nxd7 22. Rg6+ {
. Con la jugada de la partida, las negras intentan, a cambio de material,
reactivar sus piezas. Anteriormente la jugada ...Bd7 solo se hacía después de
las previas 11... Rg8 y 12.h3.}) 12. Bxb7 Bc6 13. Bxa8 Bxa8 14. Rg1 Nbd7 15.
O-O-O Be7 16. h4 $1 {Una jugada natural que pone a las negras en muchos
problemas por la amenaza g5. Sería prematuro} (16. Qxa6 {por} Bf3) 16... Qa5 {
Diagrama.} 17. Bd2 $1 {Este humilde retroceso del alfil es en realidad la
jugada decisiva, porque deja sin respuesta a su adversario.} Nd5 ({La variante
} 17... Bb7 18. Kb1 d5 19. g5 hxg5 20. hxg5 Ng8 21. f4 d4 22. fxe5 $1 dxc3 23.
Bxc3 {también favorece a las blancas.}) 18. Nxd5 Qxd5 19. Qxa6 {El gran maestro
indio consigue ventaja decisiva, no sólo en el aspecto material, sino  también
en el posicional, porque las negras difícilmente pueden enrocarse.} Bb7 20. Qa3
Qc6 21. Bb4 Nb6 ({Probablemente en caso de} 21... Nc5 {las blancas seguirían}
22. g5 {y si} d5 {entonces} 23. Kb1 {manteniendo su gran ventaja.}) 22. g5 ({
También era posible} 22. f6 Nc4 23. Qc3 Bxf6 (23... Bf8 24. b3 Nb6 25. Qxc6+
Bxc6 26. Bxd6) 24. b3 d5 25. bxc4 d4 26. Qb3) 22... hxg5 23. hxg5 Kd7 24. f6
Nc4 (24... Bf8 {era mejor.}) 25. Qc3 Bf8 26. b3 {
Ahora las blancas destruyen completamente la posición de su rival} Nb6 27. Qxe5
Rh4 28. Bxd6 Qxd6 29. Rxd6+ Bxd6 30. Rd1 Nc8 31. g6 Rh1 32. Qf5+ 1-0

[Event "Amber Blindfold"]
[Site "Monte Carlo MNC"]
[Date "2005.03.24"]
[Round "5"]
[White "Kramnik, Vladimir"]
[Black "Vallejo Pons, Francisco"]
[Result "0-1"]
[WhiteElo "2754"]
[BlackElo "2686"]
[Annotator "Ubilava, E"]
[PlyCount "52"]
[EventDate "2005.03.19"]
[Source "EDAMI"]
[SourceDate "2006.12.20"]

{Una derrota increíble del campeón del mundo de Ajedrez Clásico. La lucha
termina con un dominio abrumador de las piezas negras, cumpliéndose la esencia
de nuestro juego que "el ajedrez es un equilibrio + dominio". Vallejo está
cambiando su repertorio y la defensa siciliana, en diferentes versiones,
parece que le atrae más que cualquier otra cosa. La variante que elige contra
V. Kramnik le dio resultado positivo también en Linares contra P.Leko, asi que
para el jugador ruso no deberia ser una sorpresa la elección de Paco. Sin
embargo, en este duelo teórico las negras superaron a su rival, aunque la
jugada 16.Re3? solo se puede atribuir al olvido de la variante. La jugada
correcta es 16. Qc1, y nos deja la duda de lo que tendría preparado en ese
caso el gran maestro español, quien tras ese error de las blancas,
literalmente "desarbolan" la posición de su temible adversario.} 1. e4 c5 2.
Nf3 Nc6 3. d4 cxd4 4. Nxd4 e5 5. Nb5 a6 6. Nd6+ Bxd6 7. Qxd6 Qf6 8. Qd1 ({
Leko eligió} 8. Qd2 {y después de} Nge7 9. Nc3 d6 10. b3 O-O 11. Bb2 Be6 12.
Nd5 Qh4 13. Nxe7+ Nxe7 14. Bd3 d5 {
las negras quedaron bien. P.Leko-F.Vallejo, Linares 2005.}) 8... Qg6 9. Nc3
Nge7 10. h4 {Es la línea teórica, que abre la salida a la torre blanca para
intimidar la dama en g6.} h5 11. Rh3 d5 12. Rg3 Bg4 13. f3 dxe4 14. fxg4 {
Aún estamos en pleno duelo teórico. Otra posibilidad a disposición de las
blancas era} (14. Nxe4 {
ahora el mejor camino para seguir es:  por cierto no vale} Qxe4+ {por} (14...
Rd8 15. Bd3 f5 16. Ng5 ({no consiguen nada ni con} 16. Nc3 e4 17. fxg4 exd3 18.
Rxd3 Qxg4 19. Qxg4 hxg4 20. Bg5 Rxd3 21. cxd3 Kf7 {
con buena posición para las negras.}) 16... e4 ({es interesante} 16... Rxd3 17.
Qxd3 f4 18. Ne4 fxg3 19. fxg4 O-O 20. gxh5 Qxh5 21. Bg5 {
parece que las blancas están un pelín mejor.}) 17. fxg4 hxg4 ({es posible} 
17... exd3 18. Rxd3 hxg4) 18. Nxe4 fxe4 19. Rxg4 {hasta aquí llegó la partida
entre Geller E.-Bronstein D. en Kislovodsk 1968 donde las negras
desperdiciaron una gran ocasión de conseguir ventaja} Rxh4 $3 {fritzi!} 20.
Rxg6 Rh1+ 21. Kf2 Rxd1) 15. fxe4 Bxd1 16. Kxd1 Ng6 17. Bg5 O-O 18. Be2 {
y las blancas tienen ventaja.}) 14... Rd8 ({Quizás Kramnik solo esperaba} 14...
Nf5 {pero entonces las blancas siguen} 15. Nxe4 Nxg3 16. Nxg3 Nb4 17. Bd3 Nxd3+
18. Qxd3 Qxg4 19. Bg5 O-O 20. Nf5 {y si} f6 {gana} 21. Nh6+ gxh6 22. Qg6+) 15.
Bd2 {diagrama.} f5 $1 ({la variante} 15... Nf5 16. Rh3 hxg4 17. h5 gxh3 18.
hxg6 h2 19. Qg4 Nd6 20. gxf7+ Kxf7 21. O-O-O h1=Q 22. Nxe4 {
aunque es espectacular, termina favoreciendo a las blancas.}) 16. Re3 $2 {
Quizás jugando a ciegas, Kramnik no pudo recordar lo que había que jugar.} (16.
Qc1 $5 {No me resulta fácil descubrir la vía que tenía pensada el gran maestro
español. Puede que la simple} fxg4 ({en caso de} 16... f4 17. Bxf4 exf4 18.
Qxf4 Nb4 19. Rc1 Rf8 20. Qxe4 Qf6 21. Rf3 Qxh4+ 22. g3 Qxg4 23. Qxg4 hxg4 24.
Rxf8+ Kxf8 25. Bg2 {las blancas se quedan mejor}) 17. Bg5 O-O {
les proporcionase una buena compensación.}) 16... hxg4 17. Kf2 Rxh4 (17... Qf6
$1 {parece aún más fuerte} 18. g3 ({sería triste volver con} 18. Ke1 {por}
Qxh4+ 19. g3 Qh2 {con ventaja decisiva.}) 18... f4 19. Nxe4 fxe3+ 20. Kg1 Qf7 {
las negras ganan.}) 18. Rc1 {
Esta jugada es una buena muestra de la desesperada situación de las blancas}
Qd6 19. Ke1 Rh1 20. Qe2 Nd4 ({Las negras van a por todas. Les parece poco} 
20... Rxf1+ 21. Kxf1 Qxd2 22. Rd1 Qxe2+ 23. Rxe2 Rxd1+ 24. Nxd1 Nd4 25. Rd2 f4)
21. Qf2 f4 22. Nxe4 Qg6 23. Ng3 ({pierde} 23. Nc3 {por} g3) 23... fxg3 24. Rxg3
Qe4+ 25. Kd1 Nef5 26. Rd3 g3 {
diagrama. La última posición es bastante pintoresca y merece un diagrama.} 0-1

[Event "Amber Rapid"]
[Site "Monte Carlo MNC"]
[Date "2005.03.19"]
[Round "1"]
[White "Ivanchuk, Vassily"]
[Black "Kramnik, Vladimir"]
[Result "1-0"]
[WhiteElo "2711"]
[BlackElo "2754"]
[Annotator "Ubilava, E"]
[PlyCount "109"]
[EventDate "2005.03.19"]
[Source "EDAMI"]
[SourceDate "2006.12.20"]

{Elegí esta partida básicamente por el medio juego que surge en una de las
líneas principales de la Variante Pelikan. Creo que su importancia es aún
mayor  porque con negras jugaba el mayor experto de la variante, Kramnik. Por
supuesto, una partida no puede ser determinante para sacar conclusiones
definitivas, pero en este encuentro, Ivanchuk pudo demostrar que las
posibilidades de las blancas son mejores. Tampoco debemos olvidar que se trata
de una partida semirrápida y la calidad de juego no es perfecta.} 1. e4 c5 2.
Nf3 Nc6 3. d4 cxd4 4. Nxd4 Nf6 5. Nc3 e5 6. Ndb5 d6 7. Bg5 a6 8. Na3 b5 9. Nd5
Be7 10. Bxf6 Bxf6 11. c3 Bg5 12. Nc2 O-O 13. a4 {En los últimos meses, la
discusión sobre la variante Sveshnikov en los grandes eventos, se reduce
precisamente alrededor de esta línea. Parece que las blancas, después de
tantos años, han encontrado por fin el punto flaco de esa popular defensa.}
bxa4 14. Rxa4 a5 15. Bc4 Rb8 16. b3 {es interesante} (16. Ra2) 16... Kh8 {
Con esta jugada las negras quieren eliminar la opción} (16... g6 17. h4 $5 Bxh4
18. g3 Bg5 19. f4) 17. O-O f5 ({La jugada} 17... g6 {
fue introducida en la práctica precisamente por Kramnik.}) 18. exf5 Bxf5 19.
Qe2 Bg6 20. Rd1 ({Las blancas podían jugar directamente} 20. Nce3) 20... Qc8
21. Nce3 {Ivanchuk no intenta cambiar los alfiles de casillas blancas y eso me
parece correcto, principalmente porque mantiene el recurso de atacar el peón
a5 por medio de Bb5.} e4 22. Bb5 Ne5 23. Rxa5 Nd3 24. Rf1 Bd8 25. Ba6 {
Las blancas han ganado el peón y ahora les toca a las negras demostrar si
tienen alguna compensación por esa pérdida.} Qc6 {
No veo gran diferencia entre ésta o la siguiente variante:} (25... Qe6 26. Ra3
Ne5) 26. Ra3 Bg5 27. Bc4 Ne5 28. Ra6 Qd7 29. b4 {Al gran maestro ucraniano no
le importa el alfil blanco, porque los caballos mantienen perfectamente el
bloqueo en el centro.} Bh4 30. Ra2 h6 31. Bb3 Qe8 32. Qa6 Qe6 33. Qa7 Bh7 34.
Qd4 Qg6 35. Kh1 Rb7 $2 {
Este error permite a Ivanchuk aumentar su ventaja. diagrama.} 36. Nf4 $1 ({
También existe} 36. f4 {pero me parece menos claro después de} Nd3 ({no vale} 
36... exf3 37. Qxh4 fxg2+ 38. Rxg2 Rxf1+ 39. Nxf1 Qb1 40. Bc4 {
y las blancas quedan con pieza de ventaja.}) 37. g3 Bd8) 36... Qe8 ({En caso de
} 36... Qf6 {las blancas pueden seguir} 37. Nh5 Qg5 38. Ng3) ({pierde} 36...
Rxf4 $4 {por} 37. Ra8+ Bg8 38. Bxg8) 37. Ne6 Rf6 38. Qd5 $1 Rb8 39. Qxd6 {
La ventaja material de Vasily ya es decisiva} Nd3 40. Ng4 Rg6 41. Ne5 Nxe5 ({
"Chuky" ha calculado bien que su contrincante no podia jugar} 41... Rxe6 42.
Bxe6 Nxe5 43. Qxe5 Rb6 44. Qf4 Bg5 45. Bf7 Qf8 {por} 46. Qc7) 42. Qxe5 Bg8 43.
Nf4 Rc6 44. Qxe8 Rxe8 45. Ba4 $1 {las blancas no dan ningún respiro a su rival
y siguen simplificando la partida hasta llegar a una posición puramente
técnica.} Bxa2 46. Bxc6 Rc8 47. Bb7 Rc7 48. Ng6+ Kg8 49. Nxh4 Rxb7 50. Nf5 Rd7
51. Ne3 Rd2 52. h4 Kf7 53. Kh2 Ke6 54. Kg3 Ke5 55. Rd1 {Ya no quedan preguntas.
} 1-0